header

The truth about Leo Strauss (Record no. 10479)

MARC details
000 -LEADER
fixed length control field 01312nam a2200325Ia 4500
100 1# - MAIN ENTRY--AUTHOR NAME
Personal name Zuckert, Catherine H.,
245 14 - TITLE STATEMENT
Title The truth about Leo Strauss
260 ## - PUBLICATION, DISTRIBUTION, ETC. (IMPRINT)
Place of publication Chicago :
Name of publisher University of Chicago Press,
Year of publication 2006.
300 ## - PHYSICAL DESCRIPTION
Number of Pages x, 306 p.
650 #0 - SUBJECT ADDED ENTRY--TOPICAL TERM
Topical Term Political science
Topical Term Political science
700 1# - ADDED ENTRY--PERSONAL NAME
Personal name Zuckert, Michael P.,
856 40 - ELECTRONIC LOCATION AND ACCESS
Uniform Resource Identifier http://site.ebrary.com/lib/rucke/Doc?id=10265902

No items available.

© 2026 Rongo University
Contact us: librarian | system librarian | Rongo university